01044naa#a2200217#i#4500001001600000005001700016011001400033100004100047101000800088102000700096200019900103210008300302215001000385608004500395675014000440686005800580700005800638700005200696700005800748856002000806RU\\bibl\12062720260630062921.2##a2077-7566##a20260629b2026####ek#y0rusy0150####ca0#aRUS##aRU1#aПОСТИМПЛАНТАЦИОННЫЕ ОСЛОЖНЕНИЯ У ПАЦИЕНТОВ С ХРОНИЧЕСКОЙ СЕРДЕЧНОЙ НЕДОСТАТОЧНОСТЬЮeЖурнальная статья1#aЕкатеринбургcИздательский Дом «ТИРАЖ»d2026##a8 с.##aЖурнальная статья2local##aХирургия зубов. Оперативная техника. Хирургическая одонтология. 616.314-089zRUS##aКлиническая медицина. 76.292grnti#1aРемизоваgАнна Александровна#1aКесаеваgГалина Айтеговна#1aДзагуроваgЛариса Абисаловна4#adental-press.ru